MAASAI MARA UNIVERSITY

LIBRARY CATALOGUE

Contact Us: +254 020 2685356/7 or 0774 057787

Box: 861-20500, NAROK, KENYA

Email: info@mmarau.ac.ke

Essentials of torts / (Record no. 24136)

MARC details
000 -LEADER
fixed length control field 01275nam a22003257a 4500
001 - CONTROL NUMBER
control field 12196569
003 - CONTROL NUMBER IDENTIFIER
control field OSt
005 - DATE AND TIME OF LATEST TRANSACTION
control field 20170518103155.0
008 - FIXED-LENGTH DATA ELEMENTS--GENERAL INFORMATION
fixed length control field 170303b xxu||||| |||| 00| 0 eng d
010 ## - LIBRARY OF CONGRESS CONTROL NUMBER
LC control number 00049945
020 ## - INTERNATIONAL STANDARD BOOK NUMBER
International Standard Book Number 0766811573
040 ## - CATALOGING SOURCE
Original cataloging agency MMU
Transcribing agency MMU
Modifying agency MMU
Language of cataloging eng
043 ## - GEOGRAPHIC AREA CODE
Geographic area code n-us---
050 00 - LIBRARY OF CONGRESS CALL NUMBER
Classification number KF1250
Item number .S73 2001
082 00 - DEWEY DECIMAL CLASSIFICATION NUMBER
Classification number 346.7303
Edition number 21
100 1# - MAIN ENTRY--PERSONAL NAME
Personal name Statsky, William P.
245 10 - TITLE STATEMENT
Title Essentials of torts /
Statement of responsibility, etc. William P. Statsky.
250 ## - EDITION STATEMENT
Edition statement 2nd ed.
260 ## - PUBLICATION, DISTRIBUTION, ETC. (IMPRINT)
Place of publication, distribution, etc. Albany, NY :
Name of publisher, distributor, etc. West/Thomson Learning,
Date of publication, distribution, etc. c2001.
300 ## - PHYSICAL DESCRIPTION
Extent xiv, 363 p. ;
Dimensions 28 cm.
500 ## - GENERAL NOTE
General note Includes index.
650 #0 - SUBJECT ADDED ENTRY--TOPICAL TERM
Topical term or geographic name as entry element Torts
Geographic subdivision United States.
650 #0 - SUBJECT ADDED ENTRY--TOPICAL TERM
Topical term or geographic name as entry element Legal assistants
Geographic subdivision United States
Form subdivision Handbooks, manuals, etc.
856 42 - ELECTRONIC LOCATION AND ACCESS
Materials specified Publisher description
Uniform Resource Identifier <a href="http://www.loc.gov/catdir/enhancements/fy1215/00049945-d.html">http://www.loc.gov/catdir/enhancements/fy1215/00049945-d.html</a>
856 41 - ELECTRONIC LOCATION AND ACCESS
Materials specified Table of contents only
Uniform Resource Identifier <a href="http://www.loc.gov/catdir/enhancements/fy1215/00049945-t.html">http://www.loc.gov/catdir/enhancements/fy1215/00049945-t.html</a>
856 42 - ELECTRONIC LOCATION AND ACCESS
Materials specified Contributor biographical information
Uniform Resource Identifier <a href="http://www.loc.gov/catdir/enhancements/fy1302/00049945-b.html">http://www.loc.gov/catdir/enhancements/fy1302/00049945-b.html</a>
906 ## - LOCAL DATA ELEMENT F, LDF (RLIN)
a 7
b cbc
c orignew
d 1
e ocip
f 20
g y-gencatlg
942 ## - ADDED ENTRY ELEMENTS (KOHA)
Source of classification or shelving scheme Library of Congress Classification
Koha item type L
Holdings
Withdrawn status Lost status Source of classification or shelving scheme Damaged status Not for loan Home library Current library Date acquired Source of acquisition Total Checkouts Full call number Barcode Date last seen Date last checked out Price effective from Koha item type
    Library of Congress Classification     Maasai Mara University Library -Main Campus Maasai Mara University Library -Main Campus 03/03/2017 Donation -T4C 1 KF1250 .S73 2000 17026244 11/20/2017 11/07/2017 03/03/2017 L
© 2016 Maasai Mara University.